General estoria : primera parte / Alfonso el Sabio ; edición de Antonio G. Solalinde primera parte / Alfonso el Sabio ; edición de Antonio G. Solalinde
Publicado:
Madrid :
Centro de Estudios Históricos : Junta para Ampliación de Estudios e Investigaciones Científicas ,
1930
Descripción Física:
LXXXI, 827 p., [11] f. de làm. ; 27 cm
Otros Autores:
Solalinde, Antonio G., ed
MARC
| LEADER | 00000nam a2200000Ia 4500 | ||
|---|---|---|---|
| 001 | 10372 | ||
| 003 | BGR | ||
| 005 | 20260324175340.0 | ||
| 008 | 160829s1930 xx 000 0 cat d | ||
| 080 | |a F-1-2 | ||
| 100 | 0 | |a Alfons |b X, |c rei de Castella-Lleó, |d 1221-1284 |9 28328 | |
| 245 | |a General estoria : |b primera parte / Alfonso el Sabio ; edición de Antonio G. Solalinde | ||
| 260 | |a Madrid : |b Centro de Estudios Históricos : |b Junta para Ampliación de Estudios e Investigaciones Científicas, |c 1930 | ||
| 300 | |a LXXXI, 827 p., [11] f. de làm. ; |c 27 cm | ||
| 650 | |a Bíblia |x Història dels esdeveniments bíblics |x Obres anteriors al 1800 |9 28329 | ||
| 650 | |a Història antiga |x Obres anteriors al 1800 |9 28330 | ||
| 700 | |a Solalinde, Antonio G., ed. |9 28331 | ||
| 710 | 2 | |a Junta para Ampliación de Estudios e Investigaciones Científicas |9 71282 |b Centro de Estudios Históricos | |
| 901 | |a Arxiu | ||
| 942 | |n 1 |2 udc |c MON | ||
| 952 | |0 0 |1 0 |4 0 |6 F12 |7 1 |9 44781 |a Arxiu |b Arxiu |d 2016-12-01 |l 0 |o F-1-2 |p 10372 |r 2016-12-01 00:00:00 |w 2016-12-01 |y ARXIU | ||
| 999 | |c 47364 |d 47364 | ||